Estatísticas para AAAAAAAAAAAAAAAA

Clique aqui para jogar o quiz

Estatísticas Gerais

  • Esse quiz foi jogado 197 vezes
  • A pontuação média é 35 de 35

Estatísticas das Respostas

aa% Correto
aa
100%
aa
100%
aa
100%
aa
100%
aa
100%
aa
100%
aa
100%
aa
100%
aa
100%
aa
100%
aa
100%
aa
100%
aa
100%
aa
100%
aa
100%
aa
100%
aa
100%
aa
100%
aa
100%
aa
100%
aa
100%
aa
100%
aa
100%
aa
100%
aa
99%
aa
99%
aa
99%
aa
99%
aa
99%
aa
99%
aa
99%
aa
99%
aa
99%
aa
99%
aa
98%

Distribuição das Pontuações

Percentil de Números Respondidos

Porcentagem de Pessoas com Cada Pontuação

Sua Pontuação Histórica

Você não jogou esse quiz